00972nam a2200289Ia 4500003001000000005001700010007000300027008004100030020001500071040003500086084001100121100002500132245005300157250001900210264002900229300004300258336002700301337003300328338002800361490004900389600002700438650005000465650005200515650003600567650004200603700003700645CO-BoRNBP20230605192422.0ta161128s2005 nyua g 000 0 spa  a1930332653 aCO-BoRNBPbspaerdacCO-BoRNBP aP DAC11 aDa Coll, Ivard1962- 0aAzúcar!cTexto e ilustraciones de Ivar Da Coll a1a. edición  aNew YorkbLectorumc2005 a[38] páginasbilustraciones c23 cm  atextobtxt2rdacontent asin mediaciónbn2rdamedia avolumenbnc2rdacarrier aPremio Alfaguara de novelapBiblioteca camus14acruz, Celiad1925-2003142LEMBaPoesía infantil colombiana ySiglo XX142LEMBaLiteratura infantil colombiana ySiglo XX142LEMBaMujeres en la literatura 142LEMBaLibros ilustrados para niños 1 aDa Coll, Ivard1962-eilustrador